1348 1132 1250 1322 1251 1547 1364 1726 1244 1334 1404 1083 1487 1177 1861 1886 1318 1322 1571 1460 1940 1399 1628 1902 1930 1435 1748 1379 1499 1145 1249 1567 1049 1135 1533 1443 1602 1775 1968 1102 1912 1231 1055 1895 1166 1913 1071 1983 1368 1742 1714 1372 1027 1545 1824 1893 1185 1394 1733 1794 1330 1314 1186 1523 1415 1455 1450 1444 1975 1472 1637 1532 1488 1062 1216 1120 1564 1948 1732 1303 1735 1276 1586 1662 1710 1357 1499 1169 1817 1207 1088 1579 1761 1402 1997 1640 1464 1916 1637 BCNSPRNW ULIB Ver.6.0+V

เปลี่ยนเป็นภาษาไทย

Change to English
 แสดงรายละเอียดบรรณานุกรม
  กลับหน้าหลัก

Brief Record : Get Marc (ISO 2709) : E-mail record : QR code < ปิดหน้าต่าง
LEADER : 00000nam 2200000uu 4500
001    13399127016
003     ULIB
008    020711s2557 th a 000 0 tha d
020    ^a9786162273971
060    ^aWS103^bต-ล
100    ^aตุ๊บปอง
245    ^aลูกกบไปเที่ยวสวนน้ำ ชุดไปเที่ยวกับพ่อ
250    ^aพิมพ์ครั้งที่ 1
260    ^aกรุงเทพฯ :^bบริษัท แปลน ฟอร์ คิดส์ จำกัด,^c2557
300    ^a20 หน้า;^b19 ซม.
650    ^aเด็ก^xพัฒนาการ^yการเรียนการสอน
945    ^p85^l0^i006206
999    ^aประนอม เกษจรัล
รายการนี้ยังไม่มีแท็ก
คุณยังไม่ได้ล็อกอิน คุณสามารถมีกิจกรรมร่วมกับเว็บไซต์ได้ แต่ต้องล็อกอินก่อน ::
  ล็อกอิน

รายการสื่อสารสนเทศ

ลำดับที่ ประเภท เลขเรียก/บาร์โค้ด สถานที่ สถานะ
1. วิทยาศาสตร์การแพทย์ และสุขภาพ
วิทยาศาสตร์การแพทย์ และสุขภาพ
WS103 ต-ล ฉ.1 
  Barcode: 006206
ห้องสมุดวิทยาเขตสวรรค์ประชารักษ์
►หนังสือทั่วไป
บนชั้น

รายการใกล้เคียง
    ผู้แต่ง [ตุ๊บปอง]

BibComment


ยังไม่เคยถูกคอมเมนท์

คอมเมนท์ทรัพยากรรายการนี้
  คอมเมนท์: ลูกกบไปเที่ยวสวน..


 Copyright 2026. Bcnsprnw @Library